| 000 | 00503nam a2200145Ia 4500 | ||
|---|---|---|---|
| 008 | 200302s9999 xx 000 0 und d | ||
| 020 | _a9780702067013 | ||
| 100 | _aHaughey, Sharon | ||
| 245 |
_cSharon Haughey, Roisin O'Hare.-- _aPharmacy OSCEs and competency-based assessments / |
||
| 260 |
_aEdinburgh, New York: _bELSEVIER _c2018 |
||
| 300 |
_aviii, 229 pages: _c21 cm. |
||
| 500 | _aincludes index, glossary | ||
| 650 | _aEducation, Pharmacy. | ||
| 650 | _aPharmacy -- Examinations, questions, etc. | ||
| 999 |
_c363068 _d363068 |
||